000 00288nam a2200121 a 4500
008 101022s1987|||| d
100 1 _aLauček, Anton
245 1 0 _aPierko iba ľahučko prichytené
260 _bOsveta
_aMartin
_c1987
020 _c16
041 _aslo
044 _axo
_cSK
999 _c12054
_d12054